Effects of Price Shocks on Consumer Demand: Estimating the QUADIS Demand System on Czech Household Budget Survey Data

Cenová a príjmová elasticita českého spotrebiteľského dopytu. Vplyv regulácie cien na dopyt domácností. Súkromné spotrebiteľské podiely podľa typu domácnosti. Charakteristika QUADIS (Quadratic almost ideal demand system).

Salvato in:
Dettagli Bibliografici
Autore principale: Dybczak, Kamil
Altri autori: Tóth, Peter, 1978-, Voňka, Dávid
Natura: Capitolo di libro
Lingua:inglese
Soggetti:
Tags: Aggiungi Tag
Nessun Tag, puoi essere il primo ad aggiungerne!!

MARC

LEADER 00000naa a2200000 4500
001 0199733
005 20240502083507.6
041 0 |a eng 
044 |a CZ 
245 1 0 |a Effects of Price Shocks on Consumer Demand: Estimating the QUADIS Demand System on Czech Household Budget Survey Data  |c Kamil Dybczak, Peter Tóth, Dávid Voňka 
520 |a Cenová a príjmová elasticita českého spotrebiteľského dopytu. Vplyv regulácie cien na dopyt domácností. Súkromné spotrebiteľské podiely podľa typu domácnosti. Charakteristika QUADIS (Quadratic almost ideal demand system). 
610 2 0 |a správanie spotrebiteľa 
610 2 0 |a dopyt 
610 2 0 |a dopyt kúpyschopný 
610 2 0 |a ceny 
610 2 0 |a príjmy domácností 
610 2 0 |a regulácia 
610 2 0 |a ceny regulované 
100 1 |a Dybczak, Kamil 
700 1 |a Tóth, Peter, 1978- 
700 1 |a Voňka, Dávid